History taking and physical examination : (Record no. 3262)
[ view plain ]
| 000 -LEADER | |
|---|---|
| fixed length control field | 00838cam a2200241 a 4500 |
| 001 - CONTROL NUMBER | |
| control field | 2503615 |
| 005 - DATE AND TIME OF LATEST TRANSACTION | |
| control field | 20250130151803.0 |
| 008 - FIXED-LENGTH DATA ELEMENTS--GENERAL INFORMATION | |
| fixed length control field | 920403s1993 moua 001 0 eng c |
| 020 ## - INTERNATIONAL STANDARD BOOK NUMBER | |
| International Standard Book Number | 0801666465 |
| 050 00 - LIBRARY OF CONGRESS CALL NUMBER | |
| Classification number | RC65 |
| Item number | .G74 1993 |
| 082 00 - DEWEY DECIMAL CLASSIFICATION NUMBER | |
| Classification number | 616.07/5 |
| Edition information | 20 |
| 100 1# - MAIN ENTRY--PERSONAL NAME | |
| Personal name | Greenberger, Norton J. |
| 245 10 - TITLE STATEMENT | |
| Title | History taking and physical examination : |
| Remainder of title | essentials and clinical correlates / |
| Statement of responsibility, etc. | Norton J. Greenberger, Daniel R. Hinthorn. |
| 260 ## - PUBLICATION, DISTRIBUTION, ETC. | |
| Place of publication, distribution, etc. | St. Louis : |
| Name of publisher, distributor, etc. | Mosby-Year Book, |
| Date of publication, distribution, etc. | c1993. |
| 300 ## - PHYSICAL DESCRIPTION | |
| Extent | ix, 548 p. : |
| Other physical details | ill. (some col.) ; |
| Dimensions | 28 cm. + |
| Accompanying material | 1 pocket guide (16 p. : ill. ; 14 cm.). |
| 650 #0 - SUBJECT ADDED ENTRY--TOPICAL TERM | |
| Topical term or geographic name entry element | Medical history taking. |
| 650 #0 - SUBJECT ADDED ENTRY--TOPICAL TERM | |
| Topical term or geographic name entry element | Physical diagnosis. |
| 650 #2 - SUBJECT ADDED ENTRY--TOPICAL TERM | |
| Topical term or geographic name entry element | Diagnosis. |
| 650 #2 - SUBJECT ADDED ENTRY--TOPICAL TERM | |
| Topical term or geographic name entry element | Medical History Taking |
| General subdivision | methods. |
| 650 #2 - SUBJECT ADDED ENTRY--TOPICAL TERM | |
| Topical term or geographic name entry element | Physical Examination |
| General subdivision | methods. |
| 700 1# - ADDED ENTRY--PERSONAL NAME | |
| Personal name | Hinthorn, Daniel R. |
| 942 ## - ADDED ENTRY ELEMENTS (KOHA) | |
| Source of classification or shelving scheme | Library of Congress Classification |
| Koha item type | Books |
| Suppress in OPAC | No |
| 999 ## - | |
| -- | 3262 |
| -- | 3262 |
| Withdrawn status | Lost status | Source of classification or shelving scheme | Damaged status | Not for loan | Collection | Home library | Current library | Shelving location | Date acquired | Total checkouts | Full call number | Barcode | Date last seen | Copy number | Price effective from | Koha item type |
|---|---|---|---|---|---|---|---|---|---|---|---|---|---|---|---|---|
| Library of Congress Classification | Non-fiction | Science Library (Miotso) | Science Library (Miotso) | General stacks | 01/30/2025 | RC65 .G74 GRE | SLM00002645 | 01/30/2025 | 1 | 01/30/2025 | Books | |||||
| Library of Congress Classification | Non-fiction | Science Library (Miotso) | Science Library (Miotso) | General stacks | 01/30/2025 | RC65 .G74 GRE | SLM00002646 | 01/30/2025 | 2 | 01/30/2025 | Books | |||||
| Library of Congress Classification | Non-fiction | Science Library (Miotso) | Science Library (Miotso) | General stacks | 01/30/2025 | RC65 .G74 GRE | SLM00002647 | 01/30/2025 | 3 | 01/30/2025 | Books | |||||
| Library of Congress Classification | Non-fiction | Science Library (Miotso) | Science Library (Miotso) | General stacks | 01/30/2025 | RC65 .G74 GRE | SLM00002648 | 01/30/2025 | 4 | 01/30/2025 | Books | |||||
| Library of Congress Classification | Non-fiction | Science Library (Miotso) | Science Library (Miotso) | General stacks | 01/30/2025 | RC65 .G74 GRE | SLM00002649 | 01/30/2025 | 5 | 01/30/2025 | Books | |||||
| Library of Congress Classification | Non-fiction | Science Library (Miotso) | Science Library (Miotso) | General stacks | 01/30/2025 | RC65 .G74 GRE | SLM00002650 | 01/30/2025 | 6 | 01/30/2025 | Books | |||||
| Library of Congress Classification | Non-fiction | Science Library (Miotso) | Science Library (Miotso) | General stacks | 01/30/2025 | RC65 .G74 GRE | SLM00002651 | 01/30/2025 | 7 | 01/30/2025 | Books | |||||
| Library of Congress Classification | Non-fiction | Science Library (Miotso) | Science Library (Miotso) | General stacks | 01/30/2025 | RC65 .G74 GRE | SLM00002652 | 01/30/2025 | 8 | 01/30/2025 | Books |